000 00451nam a2200181Ia 4500
005 20250423100624.0
008 250422s9999 xx 000 0 und d
020 _a0395357241
050 _aTK 5101 .257/
100 _aZiemer, Rodger E.
245 0 _aPrinciples of communications: systems, modulation, and noise
250 _a2nd
260 _aBoston
260 _bHoughton Mifflin company
260 _c1985
300 _a609 p
942 _cBK
999 _c33861
_d33861